| 000 | 00345nam a22001337a 4500 | ||
|---|---|---|---|
| 999 |
_c7771 _d7772 |
||
| 008 | 190327b ||||| |||| 00| 0 eng d | ||
| 020 | _a9789993697800 | ||
| 082 | _a954.98 C54a 2017 | ||
| 100 | _aChoeden, Wangchuk Kesang | ||
| 245 |
_aAshi Tashi Dorji ; _bHer life and Legacy |
||
| 250 | _b1st ed. | ||
| 300 |
_a387 p. _bill.28 cm. |
||
| 942 | _2ddc | ||